[Event "4NCL/Div2/BAR2 vs. CAMB1"]
[Site "Sunningdale ENG"]
[Date "2006.09.17"]
[Round "2.5"]
[White "Dorrington, Christopher"]
[Black "Jones, Richard M"]
[Result "1/2-1/2"]
[WhiteElo "2231"]
[BlackElo "2078"]
[PlyCount "89"]
[EventDate "2006.09.17"]
[EventType "team"]
[EventRounds "11"]
[EventCountry "ENG"]
[WhiteTeam "Barbican 4NCL 2"]
[BlackTeam "Cambridge U 1"]

1. e4 e5 2. Nf3 Nc6 3. Bb5 a6 4. Ba4 Nf6 5. O-O Be7 6. Re1 b5 7. Bb3 d6 8. c3
O-O 9. h3 Na5 10. Bc2 c5 11. d4 Qc7 12. d5 Nc4 13. b3 Nb6 14. a4 Ne8 15. Nbd2
g6 16. Nf1 Ng7 17. Bh6 f5 18. a5 Nd7 19. exf5 gxf5 20. Ng3 e4 21. Ng5 Ne5 22.
Bxg7 Kxg7 23. Qh5 Bxg5 24. Qxg5+ Kh8 25. Kh2 Qf7 26. Qd2 Qf6 27. Nh5 Qh4 28.
Nf4 Rg8 29. Bd1 Ra7 30. g3 Qh6 31. Ra2 Rag7 32. Kg2 Rg5 33. Qe3 Bd7 34. Be2 Qf6
35. b4 c4 36. h4 Ng4 37. Qc1 R5g7 38. Nh5 Qe5 39. Nxg7 Rxg7 40. Bxg4 Rxg4 41.
Qd2 f4 42. Qd4 Qxd4 43. cxd4 f3+ 44. Kf1 Be8 45. Re3 1/2-1/2

[Event "4NCL/Div2/BAR2 vs. CAMB1"]
[Site "Sunningdale ENG"]
[Date "2006.09.17"]
[Round "2.6"]
[White "Eckersley-Waites, Adam"]
[Black "Bigg, Andrew J"]
[Result "1/2-1/2"]
[WhiteElo "2147"]
[BlackElo "2265"]
[PlyCount "82"]
[EventDate "2006.09.17"]
[EventType "team"]
[EventRounds "11"]
[EventCountry "ENG"]
[WhiteTeam "Cambridge U 1"]
[BlackTeam "Barbican 4NCL 2"]

1. e4 e6 2. d4 d5 3. Nc3 Bb4 4. e5 Ne7 5. a3 Bxc3+ 6. bxc3 c5 7. Qg4 O-O 8. Bd3
f5 9. exf6 Rxf6 10. Qh5 h6 11. Nf3 c4 12. Be2 Nbc6 13. a4 Bd7 14. O-O Qa5 15.
Bd2 Raf8 16. Rfb1 Qc7 17. Be3 Be8 18. Qg4 Ng6 19. Ne1 Kh7 20. g3 e5 21. dxe5
Ngxe5 22. Qh3 Bg6 23. f4 Nd7 24. Bf3 Re8 25. Bf2 Be4 26. Rd1 Rf7 27. Rxd5 Bxd5
28. Bxd5 Rfe7 29. Bxc4 Nce5 30. Bd5 Qxc3 31. Rd1 Ng4 32. Qxg4 Rxe1+ 33. Rxe1
Rxe1+ 34. Kg2 Qxc2 35. Qxd7 Re2 36. Kg1 Rxf2 37. Be4+ Qxe4 38. Kxf2 Qc2+ 39.
Kg1 Qb1+ 40. Kg2 a6 41. f5 Qe4+ 1/2-1/2

[Event "4NCL/Div2/BAR2 vs. CAMB1"]
[Site "Sunningdale ENG"]
[Date "2006.09.17"]
[Round "2.7"]
[White "Twyble, Michael S"]
[Black "Powell, Annie"]
[Result "1-0"]
[WhiteElo "2215"]
[BlackElo "2024"]
[PlyCount "111"]
[EventDate "2006.09.17"]
[EventType "team"]
[EventRounds "11"]
[EventCountry "ENG"]
[WhiteTeam "Barbican 4NCL 2"]
[BlackTeam "Cambridge U 1"]

1. c4 e5 2. g3 Nc6 3. Bg2 g6 4. Nc3 Bg7 5. Rb1 Nf6 6. d3 d6 7. Nf3 O-O 8. O-O
Be6 9. b4 h6 10. b5 Ne7 11. a4 Nd7 12. Ba3 f5 13. Qc2 Nf6 14. a5 e4 15. Nd4 Bf7
16. dxe4 Nxe4 17. Nxe4 Bxd4 18. Rfd1 Bg7 19. Nc5 b6 20. Bxa8 Qxa8 21. Nd3 Qe4
22. Rbc1 g5 23. axb6 axb6 24. Nb4 Ra8 25. Qxe4 fxe4 26. Na6 Ng6 27. Bb4 Rc8 28.
Bc3 Ne5 29. Nb4 Ra8 30. Nd5 Ra7 31. Bxe5 Bxe5 32. Ne7+ Kf8 33. Nc6 Ra4 34. Nxe5
dxe5 35. c5 Bc4 36. cxb6 cxb6 37. Rd6 Bxb5 38. Rxh6 Bxe2 39. Rh7 Kg8 40. Rb7
Ra8 41. Rxb6 g4 42. Rb7 Bf3 43. Re7 Kf8 44. Rxe5 Kf7 45. Rb5 Ke6 46. Rh5 Ra2
47. Re1 Kf6 48. h3 e3 49. fxe3 Rg2+ 50. Kf1 Rxg3 51. hxg4 Bxg4 52. Ra5 Bh3+ 53.
Kf2 Rg7 54. Rb1 Re7 55. Rb6+ Kf7 56. Rh6 1-0

[Event "4NCL/Div2/BAR2 vs. CAMB1"]
[Site "Sunningdale ENG"]
[Date "2006.09.17"]
[Round "2.8"]
[White "Spencer, Carl"]
[Black "Regan, Natasha"]
[Result "1-0"]
[WhiteElo "2030"]
[BlackElo "2171"]
[PlyCount "47"]
[EventDate "2006.09.17"]
[EventType "team"]
[EventRounds "11"]
[EventCountry "ENG"]
[WhiteTeam "Cambridge U 1"]
[BlackTeam "Barbican 4NCL 2"]

1. e4 Nf6 2. e5 Nd5 3. d4 d6 4. Nf3 dxe5 5. Nxe5 c6 6. Bd3 g6 7. Qf3 Be6 8. c3
Nd7 9. Ng4 Bg7 10. O-O h5 11. Ne3 N7f6 12. Nxd5 Bxd5 13. Qe2 Qc7 14. h3 O-O-O
15. c4 Be6 16. Be3 g5 17. Nc3 g4 18. h4 g3 19. f3 Bh6 20. Bxh6 Rxh6 21. Qe3 Qd6
22. d5 cxd5 23. Nb5 Qd7 24. Qc5+ 1-0

[Event "4NCL/Div2/WES1 vs. SLOS2"]
[Site "Sunningdale ENG"]
[Date "2006.09.17"]
[Round "2.1"]
[White "Allicock, Rawle A"]
[Black "de Coverly, Roger"]
[Result "1-0"]
[WhiteElo "2308"]
[BlackElo "2075"]
[PlyCount "77"]
[EventDate "2006.09.17"]
[EventType "team"]
[EventRounds "11"]
[EventCountry "ENG"]
[WhiteTeam "Wessex 1"]
[BlackTeam "Slough Sharks 2"]

1. e4 e5 2. Nf3 Nc6 3. Bb5 a6 4. Ba4 Nf6 5. O-O Be7 6. Re1 b5 7. Bb3 d6 8. c3
O-O 9. d3 Na5 10. Bc2 c5 11. Nbd2 Re8 12. Nf1 h6 13. a4 Rb8 14. axb5 axb5 15.
d4 cxd4 16. cxd4 Nc6 17. h3 Qc7 18. Be3 Nxd4 19. Nxd4 exd4 20. Bxd4 Be6 21. e5
Nd7 22. Ra7 Qc6 23. Qd3 g6 24. exd6 Bxd6 25. Qd2 Bf8 26. h4 h5 27. Ng3 Rbc8 28.
Re2 Bd5 29. Rxe8 Rxe8 30. Nxh5 Bc5 31. Rxd7 Bxd4 32. Qxd4 gxh5 33. Qxd5 Re1+
34. Kh2 Qxd5 35. Rxd5 Re2 36. Rc5 Rxf2 37. Kg3 Rd2 38. b4 Kg7 39. Bf5 1-0

[Event "4NCL/Div2/WES1 vs. SLOS2"]
[Site "Sunningdale ENG"]
[Date "2006.09.17"]
[Round "2.2"]
[White "Roberson, Peter T"]
[Black "Webb, Richard M"]
[Result "1/2-1/2"]
[WhiteElo "2122"]
[BlackElo "2286"]
[PlyCount "108"]
[EventDate "2006.09.17"]
[EventType "team"]
[EventRounds "11"]
[EventCountry "ENG"]
[WhiteTeam "Slough Sharks 2"]
[BlackTeam "Wessex 1"]

1. e4 c5 2. c3 Nf6 3. e5 Nd5 4. Nf3 d6 5. d4 cxd4 6. cxd4 Nc6 7. Bc4 Nb6 8. Bb3
dxe5 9. d5 Na5 10. Nc3 Nxb3 11. Qxb3 e6 12. Nxe5 exd5 13. Be3 Bd6 14. Qb5+ Kf8
15. Nf3 Bd7 16. Qd3 Be6 17. O-O Qd7 18. Bxb6 axb6 19. Rfd1 Rd8 20. Nd4 h5 21.
Ncb5 Bb8 22. Rac1 Rh6 23. Rc3 Kg8 24. a4 h4 25. h3 Rf6 26. Re1 Rf4 27. Qe2 Re4
28. Re3 f5 29. f3 Rxe3 30. Qxe3 Bf7 31. Qg5 Re8 32. Qxh4 Be5 33. Qf2 g6 34. Kh1
Qe7 35. Re2 Qg5 36. f4 Qxf4 37. Qxf4 Bxf4 38. Rxe8+ Bxe8 39. Nc3 Be5 40. Nf3
Bxc3 41. bxc3 Bxa4 42. Kg1 Bc2 43. Kf2 Be4 44. Ng5 Kg7 45. g3 Kf6 46. h4 Ke5
47. Ke3 Bh1 48. Nf7+ Ke6 49. Ng5+ Ke5 50. Nf7+ Kf6 51. Ng5 Bg2 52. Kd4 b5 53.
Nh7+ Kg7 54. Ng5 Kf6 1/2-1/2

[Event "4NCL/Div2/WES1 vs. SLOS2"]
[Site "Sunningdale ENG"]
[Date "2006.09.17"]
[Round "2.3"]
[White "Corkett, Anthony R"]
[Black "McGowan, Daniel"]
[Result "1/2-1/2"]
[WhiteElo "2339"]
[BlackElo "2109"]
[PlyCount "175"]
[EventDate "2006.09.17"]
[EventType "team"]
[EventRounds "11"]
[EventCountry "ENG"]
[WhiteTeam "Wessex 1"]
[BlackTeam "Slough Sharks 2"]

1. Nf3 d5 2. d4 Nf6 3. g3 c6 4. Bg2 Bf5 5. O-O e6 6. b3 Bd6 7. c4 Nbd7 8. Bb2
h6 9. Nc3 O-O 10. Nd2 Bh7 11. e4 dxe4 12. Ndxe4 Be7 13. Qe2 Nxe4 14. Nxe4 Nf6
15. f3 Qc7 16. Rad1 Rad8 17. Kh1 Rfe8 18. Nf2 c5 19. f4 b6 20. Qf3 cxd4 21.
Bxd4 Nd7 22. Qc6 Qb8 23. Bxg7 Kxg7 24. Rxd7 Rxd7 25. Qxd7 Bf6 26. Qd2 Rd8 27.
Qe2 Bd4 28. Ng4 Bg6 29. Ne3 Bxe3 30. Qxe3 Rd3 31. Qe1 Qd6 32. g4 Qd4 33. Qf2
Qxf2 34. Rxf2 Rd1+ 35. Bf1 Bd3 36. Kg2 Be4+ 37. Kg3 Kf6 38. h4 Kg6 39. Be2 Rd2
40. Bf1 Rd1 41. h5+ Kf6 42. Kh4 Bb1 43. Bg2 Rd4 44. Kg3 Rd3+ 45. Bf3 Re3 46.
Kg2 Bd3 47. Bc6 Be2 48. Bf3 Bd3 49. Bc6 Be2 50. Bf3 Bd3 51. Rd2 Bb1 52. Kf2 Rc3
53. Rb2 Bc2 54. Be2 Be4 55. a4 Bc2 56. b4 Bxa4 57. Ra2 Bb3 58. Ra3 a5 59. bxa5
bxa5 60. Rxa5 Rc2 61. Rc5 Rc3 62. g5+ Kg7 63. Rc7 hxg5 64. fxg5 Kg8 65. h6 Ba2
66. Bh5 Rxc4 67. Bxf7+ Kh7 68. Rxc4 Bxc4 69. Ke3 Bd5 70. Kd4 Bb3 71. Ke5 Bc2
72. Kxe6 Kh8 73. Kf6 Bh7 74. Bg6 Bg8 75. Bf5 Bf7 76. Be6 Bg6 77. Bd7 Bh5 78.
Ke7 Bg6 79. Be8 Bd3 80. Bh5 Kh7 81. Kf6 Kh8 82. Bg6 Bc4 83. h7 Bb3 84. Bf5 Bf7
85. Be6 Bg6 86. Bg8 Bd3 87. Ke5 Bc2 88. Kf6 1/2-1/2

[Event "4NCL/Div2/WES1 vs. SLOS2"]
[Site "Sunningdale ENG"]
[Date "2006.09.17"]
[Round "2.4"]
[White "Ruston, Mark R"]
[Black "Upton, Ian J"]
[Result "0-1"]
[WhiteElo "2092"]
[BlackElo "2259"]
[PlyCount "62"]
[EventDate "2006.09.17"]
[EventType "team"]
[EventRounds "11"]
[EventCountry "ENG"]
[WhiteTeam "Slough Sharks 2"]
[BlackTeam "Wessex 1"]

1. e4 e6 2. d4 d5 3. Nd2 c5 4. Ngf3 cxd4 5. Nxd4 Nc6 6. Nxc6 bxc6 7. Bd3 Bd6 8.
Qe2 Ne7 9. e5 Bc7 10. O-O O-O 11. Nf3 f6 12. Bf4 c5 13. c4 f5 14. Rfd1 d4 15.
b4 cxb4 16. Qb2 Ng6 17. Bg5 Qd7 18. Be2 Nxe5 19. Nxd4 Qf7 20. Nb5 Rb8 21. Nxc7
Qxc7 22. Qd4 Nf7 23. Be3 a5 24. f4 Ba6 25. Qb2 Rfd8 26. Bd4 Qxf4 27. Bxg7 Bxc4
28. Bh5 Qg5 29. Rxd8+ Rxd8 30. Bxf7+ Kxf7 31. Be5 Rd2 0-1

[Event "4NCL/Div2/WES1 vs. SLOS2"]
[Site "Sunningdale ENG"]
[Date "2006.09.17"]
[Round "2.5"]
[White "Simons, Martin J"]
[Black "Muter, Donny"]
[Result "0-1"]
[WhiteElo "2238"]
[BlackElo "2131"]
[PlyCount "54"]
[EventDate "2006.09.17"]
[EventType "team"]
[EventRounds "11"]
[EventCountry "ENG"]
[WhiteTeam "Wessex 1"]
[BlackTeam "Slough Sharks 2"]

1. b3 e5 2. Bb2 Nc6 3. e3 d6 4. Nf3 Nf6 5. d4 exd4 6. exd4 Be7 7. d5 Nb8 8. Be2
O-O 9. O-O a5 10. Nc3 Nbd7 11. a3 Nb6 12. Qd2 c6 13. dxc6 bxc6 14. Nd4 Qc7 15.
Bd3 d5 16. h3 Ne8 17. Rfe1 Bf6 18. Nce2 Bd7 19. Bc3 a4 20. Nf5 Bxf5 21. Bxf5 c5
22. Bxf6 Nxf6 23. Nf4 Rfe8 24. Rxe8+ Rxe8 25. Nd3 c4 26. bxc4 dxc4 27. Nb4 Qe5
0-1

[Event "4NCL/Div2/WES1 vs. SLOS2"]
[Site "Sunningdale ENG"]
[Date "2006.09.17"]
[Round "2.6"]
[White "Purton, Ben J"]
[Black "Yeo, Michael J"]
[Result "1/2-1/2"]
[WhiteElo "2091"]
[BlackElo "2161"]
[PlyCount "132"]
[EventDate "2006.09.17"]
[EventType "team"]
[EventRounds "11"]
[EventCountry "ENG"]
[WhiteTeam "Slough Sharks 2"]
[BlackTeam "Wessex 1"]

1. e4 e5 2. Nf3 Nc6 3. Bb5 a6 4. Bxc6 dxc6 5. d4 exd4 6. Qxd4 Qxd4 7. Nxd4 Bd7
8. Nc3 O-O-O 9. Be3 Bb4 10. Nde2 Ne7 11. O-O-O Ng6 12. a3 Bd6 13. Bd4 f6 14. h4
h5 15. f3 Rde8 16. Na4 Kb8 17. Bc5 Bxc5 18. Rxd7 Be3+ 19. Kb1 Re7 20. Rhd1 Rxd7
21. Rxd7 Rg8 22. Ng3 b5 23. Nf5 Ne5 24. Rd1 Bf2 25. Rf1 Ba7 26. Nc3 g6 27. Ng3
Nc4 28. Rd1 Ne3 29. Rd2 Kc8 30. f4 Rd8 31. Re2 Bd4 32. f5 gxf5 33. Nxh5 Rh8 34.
Ng7 Rxh4 35. Nxf5 Nxf5 36. exf5 Rf4 37. Re4 Rf1+ 38. Ka2 Bxc3 39. bxc3 Rxf5 40.
Kb3 Kd7 41. Re2 Rf4 42. Rd2+ Ke6 43. Re2+ Kd6 44. Kb2 f5 45. Kc1 c5 46. Rd2+
Kc6 47. Kb2 a5 48. Kb3 Re4 49. Rf2 Re5 50. Rf4 Kd5 51. g4 fxg4 52. Rxg4 c4+ 53.
Kb2 Kc5 54. Rg8 Kb6 55. Rb8+ Ka7 56. Rg8 Re6 57. Rg7 Kb6 58. Rg8 Kb7 59. Rg5 c6
60. Rh5 Rd6 61. Rg5 Rd5 62. Rg8 Rd6 63. Rh8 c5 64. Rh4 Re6 65. Rg4 Kc6 66. Rh4
Rg6 1/2-1/2

[Event "4NCL/Div2/WES1 vs. SLOS2"]
[Site "Sunningdale ENG"]
[Date "2006.09.17"]
[Round "2.7"]
[White "Jenks, Bruce"]
[Black "Varnam, Liam D"]
[Result "0-1"]
[WhiteElo "2100"]
[BlackElo "2035"]
[PlyCount "83"]
[EventDate "2006.09.17"]
[EventType "team"]
[EventRounds "11"]
[EventCountry "ENG"]
[WhiteTeam "Wessex 1"]
[BlackTeam "Slough Sharks 2"]

1. d4 d5 2. Bf4 Nf6 3. e3 g6 4. Nf3 Bg7 5. Be2 O-O 6. Nbd2 c6 7. Ne5 Nbd7 8. g4
Qa5 9. c3 Nxe5 10. Bxe5 Nd7 11. Bxg7 Kxg7 12. f4 Qd8 13. h4 f6 14. g5 e5 15.
Qc2 exf4 16. exf4 fxg5 17. fxg5 Qe7 18. Rh2 Nb6 19. O-O-O Qe3 20. Qd3 Qf4 21.
Rhh1 Bf5 22. Qf3 Qd6 23. Rde1 c5 24. Rhf1 cxd4 25. Nb3 dxc3 26. Qxc3+ Kg8 27.
Qd4 Rac8+ 28. Kd1 Nc4 29. Bf3 Rfd8 30. h5 Nb6 31. hxg6 Qxg6 32. Nc5 Qc6 33. Re7
Qg6 34. Rxb7 Bb1 35. Rf2 Bxa2 36. b3 Bxb3+ 37. Nxb3 Qb1+ 38. Kd2 Rc2+ 39. Ke3
Qxb3+ 40. Kf4 Rc4 41. Rg7+ Kf8 42. Ke5 0-1

[Event "4NCL/Div2/WES1 vs. SLOS2"]
[Site "Sunningdale ENG"]
[Date "2006.09.17"]
[Round "2.8"]
[White "Jain, Akash"]
[Black "Norman, Dinah"]
[Result "1/2-1/2"]
[WhiteElo "1955"]
[BlackElo "2003"]
[PlyCount "83"]
[EventDate "2006.09.17"]
[EventType "team"]
[EventRounds "11"]
[EventCountry "ENG"]
[WhiteTeam "Slough Sharks 2"]
[BlackTeam "Wessex 1"]

1. e4 c6 2. d4 d5 3. Nc3 dxe4 4. Nxe4 Nd7 5. Ng5 Ngf6 6. Bd3 e6 7. N1f3 Bd6 8.
Qe2 h6 9. Ne4 Nxe4 10. Bxe4 Nf6 11. Bd3 c5 12. O-O Bd7 13. Rd1 Qc7 14. b3 cxd4
15. Bb2 O-O 16. Bxd4 Be7 17. Ne5 Bc6 18. Nxc6 Qxc6 19. a4 a6 20. a5 Rac8 21.
Ra4 Rfd8 22. Rc4 Qe8 23. Rxc8 Rxc8 24. Bxf6 Bxf6 25. Qe4 Rc7 26. f4 Qc8 27.
Qh7+ Kf8 28. Qh8+ Ke7 29. Qxc8 Rxc8 30. Be4 Rc7 31. Rd3 Bc3 32. Bxb7 Bxa5 33.
Bxa6 Bb6+ 34. Kh1 Rxc2 35. Rd1 Be3 36. g3 Rc1 37. Rxc1 Bxc1 38. Kg2 Bd2 39. Kf3
Kd6 40. Ke4 Bb4 41. g4 Bd2 42. h3 1/2-1/2

[Event "4NCL/Div2/RIC vs. WWKS1"]
[Site "Sunningdale ENG"]
[Date "2006.09.17"]
[Round "2.1"]
[White "Bates, Richard A"]
[Black "Mason, Don"]
[Result "1-0"]
[WhiteElo "2366"]
[BlackElo "2266"]
[PlyCount "63"]
[EventDate "2006.09.17"]
[EventType "team"]
[EventRounds "11"]
[EventCountry "ENG"]
[WhiteTeam "Richmond"]
[BlackTeam "Warks Select 1"]

1. d4 Nf6 2. Nf3 d6 3. c4 g6 4. g3 Bg7 5. Bg2 O-O 6. O-O c6 7. Nc3 Nbd7 8. d5
cxd5 9. cxd5 Nb6 10. Nd4 Bd7 11. a4 a5 12. b3 Qc8 13. Bb2 Bh3 14. e4 Bxg2 15.
Kxg2 Nbd7 16. h3 Nc5 17. Re1 Nfd7 18. Ncb5 Ne5 19. Re3 f5 20. exf5 gxf5 21. f4
Ng6 22. Rc1 Qd7 23. h4 Rac8 24. h5 Nh8 25. Qe2 Bf6 26. g4 fxg4 27. Ne6 Bxb2 28.
Qxb2 Nxe6 29. dxe6 Qe8 30. Rxc8 Qxc8 31. h6 Rf6 32. Qxf6 1-0

[Event "4NCL/Div2/RIC vs. WWKS1"]
[Site "Sunningdale ENG"]
[Date "2006.09.17"]
[Round "2.2"]
[White "James, Russell A"]
[Black "Wall, Gavin"]
[Result "0-1"]
[WhiteElo "2245"]
[BlackElo "2344"]
[PlyCount "50"]
[EventDate "2006.09.17"]
[EventType "team"]
[EventRounds "11"]
[EventCountry "ENG"]
[WhiteTeam "Warks Select 1"]
[BlackTeam "Richmond"]

1. e4 e5 2. Nc3 Nc6 3. f4 exf4 4. Nf3 Nf6 5. e5 Nh5 6. d4 d5 7. exd6 Bxd6 8.
Qe2+ Qe7 9. Qxe7+ Bxe7 10. Nb5 Bd8 11. Bd2 a6 12. Na3 Bf6 13. c3 g5 14. O-O-O
Be6 15. Bc4 O-O-O 16. Bxe6+ fxe6 17. Rde1 g4 18. Ne5 Bxe5 19. dxe5 Rd5 20. c4
Rxe5 21. Bc3 Rxe1+ 22. Rxe1 Rg8 23. Rxe6 f3 24. gxf3 gxf3 25. Re1 f2 0-1

[Event "4NCL/Div2/RIC vs. WWKS1"]
[Site "Sunningdale ENG"]
[Date "2006.09.17"]
[Round "2.3"]
[White "Bisby, Daniel L"]
[Black "Pitcher, John"]
[Result "1/2-1/2"]
[WhiteElo "2277"]
[BlackElo "2194"]
[PlyCount "123"]
[EventDate "2006.09.17"]
[EventType "team"]
[EventRounds "11"]
[EventCountry "ENG"]
[WhiteTeam "Richmond"]
[BlackTeam "Warks Select 1"]

1. e4 c5 2. Nf3 e6 3. d4 cxd4 4. Nxd4 a6 5. c4 Nf6 6. Bd3 Nc6 7. Nc2 d5 8. cxd5
exd5 9. exd5 Nxd5 10. O-O Be7 11. Be4 Nf6 12. Bxc6+ bxc6 13. Qxd8+ Kxd8 14.
Rd1+ Kc7 15. Bf4+ Kb7 16. Nc3 Be6 17. Nd4 Bd7 18. Nb3 Be6 19. Na5+ Kb6 20. Rac1
Rac8 21. Nb3 Bxb3 22. axb3 Rhd8 23. Re1 Bf8 24. Bg5 Re8 25. Bxf6 gxf6 26. Kf1
Re6 27. Nd5+ Kb7 28. Rxe6 fxe6 29. Nxf6 Bg7 30. Ne4 Kb6 31. Rd1 Rc7 32. Ng5
Bxb2 33. Nxe6 Re7 34. Nf4 Kb5 35. Nd3 Bd4 36. Re1 Rd7 37. Re8 Rb7 38. Ke2 c5
39. Rd8 Kc6 40. b4 Kc7 41. Rf8 cxb4 42. Rf7+ Kc6 43. Rxb7 Kxb7 44. Nxb4 a5 45.
Nc2 Be5 46. g3 Kc6 47. Kd3 Kc5 48. f4 Bb2 49. Ke4 a4 50. g4 Kc4 51. Ne3+ Kc5
52. Kd3 Bc1 53. Nc4 Bxf4 54. h4 Bg3 55. h5 Bf4 56. Kc3 Bg5 57. Na3 Bf6+ 58. Kd3
h6 59. Nc2 Kd5 60. Ne3+ Ke5 61. Kc4 Bg5 62. Nf5 1/2-1/2

[Event "4NCL/Div2/RIC vs. WWKS1"]
[Site "Sunningdale ENG"]
[Date "2006.09.17"]
[Round "2.4"]
[White "Shephard, Chris C W"]
[Black "Osborne, Marcus E"]
[Result "1-0"]
[WhiteElo "2180"]
[BlackElo "2237"]
[PlyCount "81"]
[EventDate "2006.09.17"]
[EventType "team"]
[EventRounds "11"]
[EventCountry "ENG"]
[WhiteTeam "Warks Select 1"]
[BlackTeam "Richmond"]

1. c4 e6 2. Nf3 d5 3. b3 d4 4. Bb2 c5 5. b4 a5 6. Qa4+ Bd7 7. b5 Bd6 8. d3 f5
9. e3 e5 10. exd4 exd4 11. Nbd2 Qe7+ 12. Kd1 Nf6 13. Kc2 O-O 14. Re1 Qf7 15. h3
Re8 16. g3 Rxe1 17. Nxe1 Qe8 18. Bg2 Ra7 19. Kc1 Bc7 20. Ba3 b6 21. Qd1 a4 22.
Kb1 Bc8 23. Bc1 Bd6 24. Nef3 f4 25. g4 Qg6 26. Ne1 Nbd7 27. Ne4 Bb8 28. Bf3 Ne5
29. Nxf6+ Qxf6 30. Bd5+ Kh8 31. Nf3 Bb7 32. Bxb7 Rxb7 33. Nxe5 Qxe5 34. Re1 Re7
35. Rxe5 Bxe5 36. Qxa4 g5 37. Qa6 Bc7 38. a4 Kg7 39. a5 bxa5 40. Qc6 f3 41.
Qxc5 1-0

[Event "4NCL/Div2/RIC vs. WWKS1"]
[Site "Sunningdale ENG"]
[Date "2006.09.17"]
[Round "2.5"]
[White "Franklin, Michael J"]
[Black "Baruch, Andrew J D"]
[Result "1/2-1/2"]
[WhiteElo "2211"]
[BlackElo "2084"]
[PlyCount "34"]
[EventDate "2006.09.17"]
[EventType "team"]
[EventRounds "11"]
[EventCountry "ENG"]
[WhiteTeam "Richmond"]
[BlackTeam "Warks Select 1"]

1. d4 g6 2. Bf4 Bg7 3. e3 c5 4. c3 Nf6 5. Nf3 b6 6. Nbd2 Bb7 7. Be2 O-O 8. O-O
d6 9. h3 Nbd7 10. a4 a6 11. Re1 Ne4 12. Bh2 Bc6 13. Bf1 Qc7 14. Nxe4 Bxe4 15.
Ng5 Bb7 16. e4 cxd4 17. cxd4 Rac8 1/2-1/2

[Event "4NCL/Div2/RIC vs. WWKS1"]
[Site "Sunningdale ENG"]
[Date "2006.09.17"]
[Round "2.6"]
[White "Fallowfield, Jeremy"]
[Black "Chevannes, Sabrina"]
[Result "0-1"]
[WhiteElo "2060"]
[BlackElo "2080"]
[PlyCount "108"]
[EventDate "2006.09.17"]
[EventType "team"]
[EventRounds "11"]
[EventCountry "ENG"]
[WhiteTeam "Warks Select 1"]
[BlackTeam "Richmond"]

1. e4 c6 2. d4 d5 3. e5 c5 4. Nf3 Bg4 5. c4 e6 6. dxc5 Bxc5 7. cxd5 exd5 8.
Bb5+ Nc6 9. Nc3 Nge7 10. O-O O-O 11. Bxc6 bxc6 12. h3 Bh5 13. Bg5 Qc7 14. Rc1
Bxf3 15. Qxf3 Qxe5 16. Bf4 Qf6 17. Qg3 Ng6 18. Ne2 Bb6 19. Rc3 Rfe8 20. Bg5 Qe6
21. Nc1 Bd4 22. Rc2 Be5 23. f4 Bd4+ 24. Kh2 Qf5 25. Rxc6 Re3 26. Qg4 Qxg4 27.
hxg4 Re4 28. Rd6 h6 29. Rxg6 fxg6 30. Bh4 Bxb2 31. Nd3 Bd4 32. Nb4 Rae8 33.
Nxd5 Re2 34. a3 Rd2 35. f5 Ree2 36. Nf4 Re8 37. Nxg6 Ree2 38. Nf4 Be5 39. Bg3
Bxf4 40. Bxf4 Rxg2+ 41. Kh3 Ra2 42. Rf3 Rg1 43. Rc3 Rag2 44. Bh2 Rxh2+ 45. Kxh2
Rxg4 46. Rc8+ Kf7 47. Rc7+ Kf6 48. Rxa7 Kxf5 49. a4 g5 50. a5 Ra4 51. a6 Kg4
52. Ra8 Ra2+ 53. Kg1 h5 54. a7 h4 0-1

[Event "4NCL/Div2/RIC vs. WWKS1"]
[Site "Sunningdale ENG"]
[Date "2006.09.17"]
[Round "2.7"]
[White "Meyer, Gordon"]
[Black "Fallowfield, Nicholas"]
[Result "1-0"]
[WhiteElo "2151"]
[BlackElo "1980"]
[PlyCount "47"]
[EventDate "2006.09.17"]
[EventType "team"]
[EventRounds "11"]
[EventCountry "ENG"]
[WhiteTeam "Richmond"]
[BlackTeam "Warks Select 1"]

1. d4 d5 2. c4 Nc6 3. Nf3 Bg4 4. cxd5 Bxf3 5. dxc6 Bxc6 6. Nc3 e6 7. a3 Nf6 8.
f3 e5 9. dxe5 Nd7 10. Bf4 g5 11. Bg3 Bg7 12. e6 fxe6 13. e4 Nc5 14. Qc2 Qe7 15.
Bb5 Bxc3+ 16. Qxc3 O-O-O 17. Bxc6 bxc6 18. O-O Nd3 19. Qxc6 Qc5+ 20. Qxc5 Nxc5
21. Rac1 Na6 22. Rc6 Kb7 23. Rfc1 Rhe8 24. b4 1-0

[Event "4NCL/Div2/RIC vs. WWKS1"]
[Site "Sunningdale ENG"]
[Date "2006.09.17"]
[Round "2.8"]
[White "Williams, Soriah L"]
[Black "Mitchem, Nicholas D"]
[Result "0-1"]
[WhiteElo "1480"]
[BlackElo "2048"]
[PlyCount "46"]
[EventDate "2006.09.17"]
[EventType "team"]
[EventRounds "11"]
[EventCountry "ENG"]
[WhiteTeam "Warks Select 1"]
[BlackTeam "Richmond"]

1. e4 c5 2. Nc3 g6 3. Bc4 Nc6 4. Nf3 Bg7 5. d3 d6 6. Bf4 Nf6 7. h3 O-O 8. O-O
a6 9. a3 b5 10. Ba2 e5 11. Be3 Be6 12. Qd2 Nd4 13. Bxd4 cxd4 14. Ne2 h6 15. Ng3
Kh7 16. Bb1 Nd7 17. a4 Nc5 18. axb5 axb5 19. Rxa8 Qxa8 20. Re1 f5 21. exf5 gxf5
22. b4 Na4 23. Rc1 Nc3 0-1

[Event "4NCL/Div2/HKF2 vs. BARY"]
[Site "Sunningdale ENG"]
[Date "2006.09.17"]
[Round "2.1"]
[White "Lindner, Daniel"]
[Black "Hodgson, John H"]
[Result "1-0"]
[WhiteElo "2271"]
[BlackElo "2218"]
[PlyCount "75"]
[EventDate "2006.09.17"]
[EventType "team"]
[EventRounds "11"]
[EventCountry "ENG"]
[WhiteTeam "H Kingfisher 2"]
[BlackTeam "Barbican Yth"]

1. e4 c5 2. b3 d6 3. Bb2 Nf6 4. Nc3 Nc6 5. Bb5 Bd7 6. Nge2 e6 7. O-O Be7 8. f4
a6 9. Bxc6 Bxc6 10. Ng3 h5 11. d3 h4 12. Nh1 d5 13. Qe2 d4 14. Nd1 Qc7 15. c3
O-O-O 16. Bc1 h3 17. g3 Qd7 18. Nhf2 Ne8 19. cxd4 cxd4 20. Nb2 Nd6 21. Bd2 f5
22. Rac1 Kb8 23. a4 Rdg8 24. Rfe1 g5 25. exf5 Nxf5 26. Qxe6 Ne3 27. Qxd7 Bxd7
28. fxg5 Bxg5 29. Ne4 Bc6 30. Nc4 Bxe4 31. dxe4 Ng2 32. Bxg5 Rxg5 33. Rf1 Re8
34. a5 Ne3 35. Rf7 Nxc4 36. Rxc4 Rxe4 37. Rf8+ Ka7 38. Rcc8 1-0

[Event "4NCL/Div2/HKF2 vs. BARY"]
[Site "Sunningdale ENG"]
[Date "2006.09.17"]
[Round "2.2"]
[White "Farrand, Julian T"]
[Black "Costley, Martin O"]
[Result "1/2-1/2"]
[WhiteElo "2154"]
[BlackElo "2212"]
[PlyCount "63"]
[EventDate "2006.09.17"]
[EventType "team"]
[EventRounds "11"]
[EventCountry "ENG"]
[WhiteTeam "Barbican Yth"]
[BlackTeam "H Kingfisher 2"]

1. d4 Na6 2. e4 c6 3. Nc3 Nc7 4. Bf4 d6 5. h3 g6 6. Nf3 Bg7 7. Bc4 b5 8. Bb3 a5
9. a4 b4 10. Ne2 Ba6 11. O-O Nf6 12. e5 Nfd5 13. Bg3 O-O 14. Re1 c5 15. c4 bxc3
16. Nxc3 c4 17. Bc2 Nb4 18. exd6 exd6 19. b3 Ne6 20. bxc4 Bxc4 21. Rb1 Rc8 22.
Bb3 Bd3 23. Nb5 Bxb1 24. Qxb1 d5 25. Qd1 Qb6 26. Ne5 Bxe5 27. Bxe5 Rc6 28. Qd2
f6 29. Bg3 Ng7 30. Re7 Nf5 31. Rd7 Rd8 32. Bc7 1/2-1/2

[Event "4NCL/Div2/HKF2 vs. BARY"]
[Site "Sunningdale ENG"]
[Date "2006.09.17"]
[Round "2.4"]
[White "Levermore, Peter A"]
[Black "Smith, Andrew P"]
[Result "1-0"]
[WhiteElo "2102"]
[BlackElo "2198"]
[PlyCount "75"]
[EventDate "2006.09.17"]
[EventType "team"]
[EventRounds "11"]
[EventCountry "ENG"]
[WhiteTeam "Barbican Yth"]
[BlackTeam "H Kingfisher 2"]

1. e4 c5 2. c3 d5 3. exd5 Qxd5 4. d4 Nf6 5. Nf3 e6 6. Be2 Nc6 7. O-O cxd4 8.
cxd4 Be7 9. Nc3 Qa5 10. Bf4 Nd5 11. Nxd5 Qxd5 12. Qc2 O-O 13. Rfd1 Rd8 14. Bc4
Qa5 15. a3 Bf6 16. Be5 Nxe5 17. dxe5 Be7 18. Rxd8+ Bxd8 19. Rd1 Be7 20. Bd3 g6
21. Be4 Kg7 22. h3 Qb5 23. Qc7 Kf8 24. b4 a5 25. Nd4 Qa4 26. Rb1 axb4 27. axb4
Bxb4 28. Bxb7 Bxb7 29. Qxb7 Bc5 30. Nb3 Ba3 31. Ra1 Rd8 32. Qc7 Rd7 33. Qc8+
Kg7 34. Qc3 Qb4 35. Qf3 Qe7 36. Na5 Bb2 37. Re1 Qg5 38. Nc4 1-0